Régions et collectivités de France sur une carte - Statistiques

Statistiques générales
  • Ce quiz a été pris 33 278 fois
  • Le résultat moyen est 19 sur 24
Réponses sur la Carte
Les réponses sont colorées sur une échelle allant du rouge au vert en fonction du pourcentage des utilisateurs qui les ont devinées à leur premier essai. Vous pouvez retrouver ces pourcentages ci-dessous.
 
Statistiques - réponses
Type de quiz Subdivision % Correct
Région d'outre-mer Guyane
96%
Région métropolitaine Bretagne
95%
Région métropolitaine Île-de-France
94%
Région d'outre-mer Guadeloupe
92%
Région d'outre-mer La Réunion
92%
Région d'outre-mer Martinique
92%
Région métropolitaine Normandie
91%
Région métropolitaine Grand Est
88%
Région métropolitaine Provence-Alpes-Côte d'Azur
88%
Région métropolitaine Occitanie
84%
Région métropolitaine Auvergne-Rhône-Alpes
83%
Région métropolitaine Corse
83%
Région métropolitaine Hauts-de-France
82%
Région d'outre-mer Mayotte
82%
Région métropolitaine Nouvelle-Aquitaine
82%
Région métropolitaine Centre-Val de Loire
81%
Région métropolitaine Pays de la Loire
81%
Région métropolitaine Bourgogne-Franche-Comté
78%
Collectivité sui generis Nouvelle-Calédonie
74%
Collectivité d'outre-mer Saint-Pierre-et-Miquelon
73%
Collectivité d'outre-mer Polynésie française
68%
Collectivité d'outre-mer Wallis-et-Futuna
52%
Collectivité d'outre-mer Saint-Martin
51%
Collectivité d'outre-mer Saint-Barthélemy
46%
Aucun quiz correspondant
Distribution des résultats
% des personnes avec chaque résultat
Percentile par nombre de réponses
Votre historique - résultats
Vous n’avez pas pris ce quiz